000 00310nam a2200133 4500
008 181030b xxu||||| |||| 00| 0 eng d
020 _a0397540752
041 _aeng
080 _a610.73
100 _a2
101 _aINF
245 _aPharmacology and Drug therapy in Nursing
_cRodman,M.J
942 _2ddc
_cBK
999 _c51139
_d51139